| 000 | 00534nam a2200181Ia 4500 | ||
|---|---|---|---|
| 008 | 131103s9999 xx 000 0 und d | ||
| 020 | _cRs.0.50 | ||
| 040 | _aLoreto College | ||
| 041 | _aEnglish | ||
| 082 |
_a891.442/BHA _bLCLIB/19780 |
||
| 100 | _aBhattacharrya, Khetranath | ||
| 245 |
_aNatak o nataker abhinoy o annya prabandha _cKhetranath Bhattacharyya |
||
| 260 |
_aKolkata _bAbaninath Bhattacharyya _c1919 |
||
| 300 |
_a90p. _c 19cm. |
||
| 650 | _aBengali drama - Criticism | ||
| 850 | _aLCLIB/891.441/BHA | ||
| 942 | _cBK | ||
| 999 |
_c21191 _d71670 |
||